000
00320nam a2200133Ia 4500
008
191201s2004 xx 000 0 und d
082
_a
677
_b
GUT
100
_a
GUPTA, V C
245
0
_a
Textile Vision 2010
260
_a
N.Delhi
_b
The Textile Association
_c
2004
300
_a
184
650
_a
B.Tech(TE)
942
_2
ddc
_c
BK
999
_c
3430
_d
3430